000
00329nam a2200121Ia 4500
008
220216s9999 xx 000 0 und d
100
_a
Bhatta Ramachandra
245
0
_a
Impact of globalisation on the marine exports of India
260
_b
Foreign Trade Review
_c
2003
300
_a
31-Mar
650
_a
Globalisation
942
_c
JS
999
_c
60741
_d
60741